000 00546nam a22001931a 4500
001 10400
003 OSt
005 20260204212157.0
008 090106s2002||||dr ||||||b||||||||||spa||
020 _a9993458023
050 _aRD 972.93054 P425p
100 _aPerozo, Alfonsina
245 _aLos Perozo: su exterminio por la dictadura de Trujillo / Alfonsina Perozo
264 _aSanto Domingo : Centenario
300 _a191 p
500 _aIncluye indice
650 _aHistoria - República Dominicana - Era de TrujilloÌ
942 _2ddc
_cBK
999 _c10400
_d10400